00370nam a2200133Ia 4500008004100000020001500041041000800056082001800064100001900082245004300101260004400144300001300188650003500201210716s1999 xx 000 0 und d a0875849113 aeng a658.4038 TAPD aTapscott, Don. aCreating value in the network economy. aUSAbHarvard Business Review Bookc1999 axxvi,229 aManagement Information Systems